Ferson Contractors Ltd v Levolux AT Ltd (Record no. 72081)

MARC details
000 -LEADER
fixed length control field 01810cam a2200265 4500
001 - CONTROL NUMBER
control field ABS66318
008 - FIXED-LENGTH DATA ELEMENTS--GENERAL INFORMATION
fixed length control field 030207n2003 000 0 eng u
035 ## - SYSTEM CONTROL NUMBER
System control number (Sirsi) u121289
245 ## - TITLE STATEMENT
Title Ferson Contractors Ltd v Levolux AT Ltd
260 ## - PUBLICATION, DISTRIBUTION, ETC.
Date of publication, distribution, etc. 2003
490 ## - SERIES STATEMENT
Series statement Estates Gazette
Volume/sequential designation (2003) 05 EG 145 (CS) (1)
490 ## - SERIES STATEMENT
Series statement Building Law Reports
Volume/sequential designation [2003] 3 BLR 118-124(7))
520 ## - SUMMARY, ETC.
Summary, etc. [2002] EWCA Civ 11 22 January [2003]. Appellant contractor (F) engaged respondent (L) as a subcontractor to supply and fit panelling. Subcontractor incorporated the conditions in standard GC/Works/Subcontract. Interim disputes were to be solved with reference to an adjudicator as stated in the Housing Grants, Construction and Regeneration Act 1996 s108. L stopped work after a dispute arose over repayment; eventually the adjudicator determined the dispute and made an award to L but F failed to pay and L brought court proceedings. F appealed. L argued that an adjudicator's decision was binding and enforceable pending final resolution of the dispute by arbitration or litigation. Appeal dismissed. View judgment on Court Service website at www.courtservice.gov.uk.
590 ## - LOCAL NOTE (RLIN)
Local note ABS
650 ## - SUBJECT ADDED ENTRY--TOPICAL TERM
Topical term or geographic name entry element FERSON CONTRACTORS LTD V LEVOLUX AT LTD
650 ## - SUBJECT ADDED ENTRY--TOPICAL TERM
Topical term or geographic name entry element MANAGEMENT-DISPUTE AVOIDANCE, MANAGEMENT AND RESOLUTION-DISPUTE MANAGEMENT AND RESOLUTION-ALTERNATIVE DISPUTE RESOLUTION-ADJUDICATION
650 ## - SUBJECT ADDED ENTRY--TOPICAL TERM
Topical term or geographic name entry element ENFORCEMENT
650 ## - SUBJECT ADDED ENTRY--TOPICAL TERM
Topical term or geographic name entry element BUILT ENVIRONMENT-BUILDING CONTRACT FORMS
650 ## - SUBJECT ADDED ENTRY--TOPICAL TERM
Topical term or geographic name entry element SUBCONTRACTORS
650 ## - SUBJECT ADDED ENTRY--TOPICAL TERM
Topical term or geographic name entry element HOUSING GRANTS, CONSTRUCTION AND REGENERATION ACT 1996
650 ## - SUBJECT ADDED ENTRY--TOPICAL TERM
Topical term or geographic name entry element BUILT ENVIRONMENT-BUILDING CONTRACT FORMS-STANDARD FORMS OF BUILDING CONTRACT-GC/WORKS CONTRACTS
650 ## - SUBJECT ADDED ENTRY--TOPICAL TERM
Topical term or geographic name entry element BOVIS LEND LEASE V TRIANGLE DEVELOPMENTS LTD
690 ## - LOCAL SUBJECT ADDED ENTRY--TOPICAL TERM (OCLC, RLIN)
Topical term or geographic name as entry element BUILT ENVIRONMENT-BUILDING CONTRACT FORMS
942 ## - ADDED ENTRY ELEMENTS (KOHA)
Suppress in OPAC 0
Holdings
Withdrawn status Lost status Source of classification or shelving scheme Damaged status Not for loan Home library Current library Shelving location Date acquired Total Checkouts Full call number Barcode Date last seen Copy number Price effective from Koha item type
    Dewey Decimal Classification     London London Journal article 07/02/2003   ABS66318 121289-1001 06/08/2019 1 06/08/2019 Law report